[Event "Godesberger SK 1 - Bahn-SC Wuppertal 1"]
[Site "Oberliga NRW 2016/2017"]
[Date "2017.03.05"]
[Round "7.7"]
[White "Werbeck, Torsten"]
[Black "Kutzner, Stephen"]
[Result "0-1"]
[WhiteElo "2064"]
[BlackElo "2010"]
[PlyCount "128"]
[EventDate "2017.??.??"]
[WhiteTeam "Bahn-SC Wuppertal 1"]
[BlackTeam "Godesberger SK 1"]

1. d4 d5 2. Nf3 Nf6 3. c4 e6 4. Nc3 c6 5. e3 Nbd7 6. Bd3 dxc4 7. Bxc4 b5 8. Be2
a6 9. O-O c5 10. dxc5 Bxc5 11. Nd4 Bb7 12. Bf3 Qb6 13. a3 Rc8 14. Nb3 Be7 15.
Qe2 Ne5 16. Bxb7 Qxb7 17. e4 O-O 18. Bg5 h6 19. Bh4 Nc4 20. Nc1 Rfd8 21. e5 Nd5
22. Bxe7 Nxc3 23. bxc3 Rd2 24. Qf3 Qxe7 25. a4 Nxe5 26. Qe4 Nc4 27. axb5 axb5
28. Nb3 Rd5 29. Rfe1 Qf6 30. Nd4 b4 31. Nc6 Nd2 32. Ne7+ Qxe7 33. Qxd5 exd5 34.
Rxe7 bxc3 35. Rc1 Nb3 36. Rc2 Nd4 37. Rc1 Nb3 38. Rc2 d4 39. Rd7 Na1 40. Rc1
Nb3 41. Rc2 Na1 42. Rc1 c2 43. Rxd4 Nb3 44. Rxc2 Rxc2 45. Rd8+ Kh7 46. g3 Rd2
47. Rb8 Nc5 48. Rb5 Nd3 49. Rf5 Kg6 50. g4 Rd1+ 51. Kg2 Ne1+ 52. Kf1 Nc2+ 53.
Kg2 Rd6 54. h4 f6 55. h5+ Kf7 56. Rc5 Ne1+ 57. Kf1 Nf3 58. Rc7+ Kf8 59. Kg2 Ne5
60. Kg3 Rd3+ 61. Kf4 Rf3+ 62. Ke4 Rxf2 63. Kd5 Nxg4 64. Ke6 Kg8 0-1

[Event "Godesberger SK 1 - Bahn-SC Wuppertal 1"]
[Site "Oberliga NRW 2016/2017"]
[Date "2017.03.05"]
[Round "7.8"]
[White "Mueller-Boge, Michael"]
[Black "El Mali, Naufel"]
[Result "1-0"]
[WhiteElo "1997"]
[BlackElo "2102"]
[PlyCount "135"]
[EventDate "2017.??.??"]
[WhiteTeam "Godesberger SK 1"]
[BlackTeam "Bahn-SC Wuppertal 1"]

1. e4 e6 2. d4 d5 3. Nc3 Bb4 4. e5 c5 5. a3 Bxc3+ 6. bxc3 Ne7 7. Nf3 Nbc6 8. a4
Qa5 9. Bd2 O-O 10. Bd3 f6 11. exf6 Rxf6 12. c4 Qc7 13. Bg5 Rf7 14. c3 h6 15.
Bxe7 Rxe7 16. O-O cxd4 17. cxd4 Bd7 18. Re1 Rf8 19. Rc1 Qf4 20. Bb1 g5 21. Rc2
dxc4 22. Rce2 Rg7 23. Re4 Qd6 24. Qc2 Qb4 25. h4 g4 26. Rxg4 Rxf3 27. Qh7+ Kf8
28. Qxg7+ Ke8 29. Rge4 Rb3 30. Bc2 Rb2 31. R1e2 Rxc2 32. Rf4 Rc1+ 33. Kh2 Kd8
34. Qxh6 Kc7 35. Qg5 Qd6 36. g3 Rd1 37. Rc2 Qd5 38. Qxd5 exd5 39. h5 Rxd4 40.
Rxd4 Nxd4 41. h6 Bf5 42. Rc3 Kd6 43. g4 Bh7 44. Kh3 Ne2 45. Re3 Nf4+ 46. Kg3
Nd3 47. f4 c3 48. Rxd3 Bxd3 49. f5 c2 50. h7 c1=Q 51. h8=Q Qe1+ 52. Kf4 Qe4+
53. Kg5 Be2 54. Qd8+ Kc6 55. Qc8+ Kd6 56. Qd8+ Kc5 57. Qc8+ Kd4 58. f6 Qe5+ 59.
Qf5 Qe8 60. f7 Qf8 61. Kf6 Bc4 62. g5 Kc3 63. Qh3+ Kb4 64. Qh6 Qd6+ 65. Kg7 Qd7
66. Qh4 d4 67. Qe1+ Kxa4 68. Qe8 1-0

[Event "Oberhausener SV 1 - Bahn-SC Wuppertal 1"]
[Site "Oberliga NRW 2016/2017"]
[Date "2017.03.26"]
[Round "8.1"]
[White "Savchenko, Vyacheslav"]
[Black "Hort, Vlastimil"]
[Result "1/2-1/2"]
[WhiteElo "2341"]
[BlackElo "2369"]
[PlyCount "41"]
[EventDate "2017.??.??"]
[WhiteTeam "Bahn-SC Wuppertal 1"]
[BlackTeam "Oberhausener SV 1"]

1. e4 e5 2. Nf3 Nc6 3. Bb5 a6 4. Ba4 Nf6 5. d4 exd4 6. O-O Be7 7. Re1 d6 8.
Nxd4 Bd7 9. c4 Nxd4 10. Bxd7+ Nxd7 11. Qxd4 Bf6 12. Qe3 O-O 13. Nc3 Re8 14. Bd2
c6 15. Rad1 b5 16. cxb5 axb5 17. a3 Nc5 18. Qf3 Be5 19. Bf4 Qf6 20. Bxe5 Qxe5
21. Qg3 1/2-1/2

[Event "Oberhausener SV 1 - Bahn-SC Wuppertal 1"]
[Site "Oberliga NRW 2016/2017"]
[Date "2017.03.26"]
[Round "8.2"]
[White "Becker, Marcel"]
[Black "Savchenko, Aleksij"]
[Result "0-1"]
[WhiteElo "2336"]
[BlackElo "2238"]
[PlyCount "72"]
[EventDate "2017.??.??"]
[WhiteTeam "Oberhausener SV 1"]
[BlackTeam "Bahn-SC Wuppertal 1"]

1. d4 Nf6 2. c4 g6 3. Nc3 Bg7 4. e4 d6 5. Be2 O-O 6. Bg5 a5 7. Qd2 Na6 8. Bd3
c6 9. Nge2 Qb6 10. O-O Re8 11. Rac1 Nd7 12. Bb1 Nc7 13. Be3 a4 14. f4 Qa5 15.
d5 c5 16. a3 b5 17. cxb5 Nxb5 18. Nxb5 Qxb5 19. Nc3 Qb8 20. e5 Nb6 21. Bd3 Bb7
22. e6 f5 23. g4 Nxd5 24. Nxd5 Bxd5 25. gxf5 Qxb2 26. Rc2 Qxa3 27. fxg6 Qb4 28.
Qe2 a3 29. Qh5 Qb3 30. Qxh7+ Kf8 31. Rd2 a2 32. f5 a1=Q 33. Bh6 Qd4+ 34. Rff2
Ra1+ 35. Bf1 Rxf1+ 36. Kxf1 Qb1+ 0-1

[Event "Oberhausener SV 1 - Bahn-SC Wuppertal 1"]
[Site "Oberliga NRW 2016/2017"]
[Date "2017.03.26"]
[Round "8.3"]
[White "Khanukov, Boris"]
[Black "Litwak, Aleksej"]
[Result "0-1"]
[WhiteElo "2255"]
[BlackElo "2280"]
[PlyCount "102"]
[EventDate "2017.??.??"]
[WhiteTeam "Bahn-SC Wuppertal 1"]
[BlackTeam "Oberhausener SV 1"]

1. Nf3 Nf6 2. c4 e6 3. g3 d5 4. Bg2 Be7 5. O-O O-O 6. Qc2 c5 7. d3 Nc6 8. a3 a6
9. Bf4 b5 10. Nc3 Qb6 11. Bg5 Rd8 12. e4 d4 13. Nd1 e5 14. Nd2 h6 15. Bxf6 Bxf6
16. f4 Rb8 17. Nf2 bxc4 18. Nxc4 Qb3 19. Rfc1 Be6 20. Rab1 Rdc8 21. Bh3 exf4
22. Bxe6 fxe6 23. gxf4 Bh4 24. Ng4 Qxc2 25. Rxc2 Rb3 26. Rd1 Rf8 27. Rf1 h5 28.
Nge5 Nxe5 29. Nxe5 Rfb8 30. Nc4 Bf6 31. Rf3 Kh7 32. e5 Be7 33. Kg2 g6 34. Rf1
Rf8 35. Kf3 g5 36. Ke4 Rf5 37. Rcf2 g4 38. Rg2 Rb8 39. h3 gxh3 40. Rg3 Rg8 41.
Rxg8 Kxg8 42. Rh1 Kf7 43. Rxh3 h4 44. Nd2 Kg6 45. Rh2 Kh5 46. Rg2 h3 47. Rg7 h2
48. Nf3 h1=Q 49. Rxe7 Qc1 50. Rh7+ Kg6 51. Rh4 Qe3# 0-1

[Event "Oberhausener SV 1 - Bahn-SC Wuppertal 1"]
[Site "Oberliga NRW 2016/2017"]
[Date "2017.03.26"]
[Round "8.4"]
[White "Kaufeld, Juergen"]
[Black "Bashilin, Roman"]
[Result "1/2-1/2"]
[WhiteElo "2254"]
[BlackElo "2208"]
[PlyCount "48"]
[EventDate "2017.??.??"]
[WhiteTeam "Oberhausener SV 1"]
[BlackTeam "Bahn-SC Wuppertal 1"]

1. e4 e6 2. d4 d5 3. Nc3 Bb4 4. e5 b6 5. Qg4 Bf8 6. a4 Ba6 7. Nb5 Qd7 8. Bd3
Ne7 9. Qe2 Bb7 10. b3 Nc8 11. c3 c6 12. Na3 a5 13. Nh3 Ba6 14. O-O Bxd3 15.
Qxd3 Ne7 16. Nc2 c5 17. Ba3 Nbc6 18. dxc5 bxc5 19. Bxc5 Nxe5 20. Qe2 N7c6 21.
Bxf8 Kxf8 22. Rfd1 Qc7 23. Rac1 g6 24. Nd4 Kg7 1/2-1/2

[Event "Oberhausener SV 1 - Bahn-SC Wuppertal 1"]
[Site "Oberliga NRW 2016/2017"]
[Date "2017.03.26"]
[Round "8.5"]
[White "Ries, Benjamin"]
[Black "Kummerow, Heiko"]
[Result "1/2-1/2"]
[WhiteElo "2185"]
[BlackElo "2165"]
[PlyCount "127"]
[EventDate "2017.??.??"]
[WhiteTeam "Bahn-SC Wuppertal 1"]
[BlackTeam "Oberhausener SV 1"]

1. d4 Nf6 2. c4 g6 3. Nc3 Bg7 4. e4 d6 5. h3 Nbd7 6. Bg5 e5 7. d5 a5 8. Bd3 Nc5
9. Bc2 Bd7 10. Nge2 c6 11. Qd2 cxd5 12. Nxd5 Bc6 13. Nec3 h6 14. Be3 Nxd5 15.
cxd5 Bd7 16. Bxc5 dxc5 17. Ba4 O-O 18. Bxd7 Qxd7 19. a4 Rfd8 20. O-O Kh7 21.
Rfd1 Bf8 22. Qe2 Bd6 23. Rac1 Rac8 24. Nb5 Rf8 25. Rc4 Rcd8 26. Rd3 Qe7 27. Rb3
b6 28. Rc2 f5 29. Re3 Rfe8 30. Rc1 Qg7 31. Re1 Bb8 32. Rd1 Bd6 33. Re1 Bb8 34.
Rf3 Qd7 35. Nc3 Bd6 36. Qd3 Rf8 37. Nb5 f4 38. Qe2 Rf6 39. g4 Rdf8 40. Kh2 g5
41. Rg1 Qf7 42. Kg2 h5 43. Kf1 Rh6 44. Ke1 Kg7 45. Qd2 Rfh8 46. h4 hxg4 47.
Rxg4 Qd7 48. Rxg5+ Rg6 49. Rxg6+ Kxg6 50. Nxd6 Qxd6 51. Rh3 Qd7 52. Qc3 Qxa4
53. Qxe5 Re8 54. h5+ Kh7 55. Qf5+ Kh8 56. Qf6+ Kh7 57. Qg6+ Kh8 58. Qf6+ Kh7
59. f3 Rg8 60. Qf5+ Kh8 61. Qf6+ Kh7 62. Qf5+ Kh8 63. Qf6+ Kh7 64. Qf5+ 1/2-1/2

[Event "Oberhausener SV 1 - Bahn-SC Wuppertal 1"]
[Site "Oberliga NRW 2016/2017"]
[Date "2017.03.26"]
[Round "8.6"]
[White "Stillger, Bernhard"]
[Black "Tueckmantel, Rene"]
[Result "1-0"]
[WhiteElo "2248"]
[BlackElo "2096"]
[PlyCount "169"]
[EventDate "2017.??.??"]
[WhiteTeam "Oberhausener SV 1"]
[BlackTeam "Bahn-SC Wuppertal 1"]

1. Nf3 Nf6 2. d4 c5 3. c3 e6 4. Bf4 d5 5. e3 Nc6 6. Nbd2 Bd6 7. Bg3 O-O 8. Bb5
Ne7 9. Bd3 Ng6 10. Bxg6 hxg6 11. Bxd6 Qxd6 12. Ne5 Bd7 13. O-O b5 14. Nb3 c4
15. Nc5 Rfc8 16. f4 Be8 17. b3 Rab8 18. Rb1 Rb6 19. Qe2 cxb3 20. axb3 Nd7 21.
b4 Ra8 22. Ra1 Nf6 23. Ra3 Ne4 24. Ned3 Nf6 25. Rfa1 a6 26. Ra5 Bd7 27. R1a3
Bc8 28. Qe1 Qc7 29. Qh4 Bb7 30. Nf2 Ne4 31. Nfxe4 dxe4 32. Qg5 Qc6 33. Qe7 Bc8
34. Qd8+ Kh7 35. Qh4+ Kg8 36. Qd8+ Kh7 37. Ra1 f6 38. Rd1 Bb7 39. Qd7 Qxd7 40.
Nxd7 Rd6 41. Nc5 Rb6 42. Rda1 Rc8 43. Kf2 f5 44. Ke2 Bd5 45. Rxa6 Rxa6 46. Rxa6
Kh6 47. Kd2 Re8 48. Ra7 Rg8 49. Ra6 Re8 50. Ra7 Rg8 51. Nd7 g5 52. fxg5+ Kxg5
53. Ne5 f4 54. exf4+ Kxf4 55. g3+ Kg5 56. Ke3 Kh6 57. Nf7+ Kg6 58. Ne5+ Kh6 59.
Nf7+ Kg6 60. Nd6 Rh8 61. h4 Rf8 62. Nxe4 Rf1 63. Ng5 Rc1 64. Rc7 Bc4 65. Kf4
Rf1+ 66. Ke5 Rg1 67. Kd6 Rxg3 68. Nxe6 Rxc3 69. Rxg7+ Kh5 70. Rh7+ Kg6 71. Rb7
Rb3 72. Nf8+ Kf6 73. Nd7+ Kf5 74. Kc5 Rh3 75. d5 Rxh4 76. Nb6 Ke5 77. Re7+ Kf6
78. Re3 Rh8 79. Nxc4 bxc4 80. Kxc4 Rc8+ 81. Kb5 Rb8+ 82. Kc5 Rc8+ 83. Kd6 Rb8
84. Rf3+ Kg7 85. Rf4 1-0

[Event "Oberhausener SV 1 - Bahn-SC Wuppertal 1"]
[Site "Oberliga NRW 2016/2017"]
[Date "2017.03.26"]
[Round "8.7"]
[White "El Mali, Naufel"]
[Black "Ciornei, Dragos"]
[Result "1/2-1/2"]
[WhiteElo "2102"]
[BlackElo "2116"]
[PlyCount "46"]
[EventDate "2017.??.??"]
[WhiteTeam "Bahn-SC Wuppertal 1"]
[BlackTeam "Oberhausener SV 1"]

1. d4 Nf6 2. c4 g6 3. Nc3 Bg7 4. e4 d6 5. f3 O-O 6. Be3 e5 7. Nge2 exd4 8. Nxd4
c6 9. Qd2 d5 10. cxd5 cxd5 11. e5 Nfd7 12. f4 Nb6 13. Ndb5 Be6 14. Be2 Nc6 15.
b3 f6 16. Bc5 Rf7 17. exf6 Qxf6 18. Rc1 d4 19. Ne4 Qxf4 20. Qxf4 Rxf4 21. Ng5
Bf7 22. Nxf7 Kxf7 23. g3 Rf6 1/2-1/2

[Event "Oberhausener SV 1 - Bahn-SC Wuppertal 1"]
[Site "Oberliga NRW 2016/2017"]
[Date "2017.03.26"]
[Round "8.8"]
[White "Voge, Andreas"]
[Black "Bogorad, Michail"]
[Result "1/2-1/2"]
[WhiteElo "2083"]
[BlackElo "2027"]
[PlyCount "60"]
[EventDate "2017.??.??"]
[WhiteTeam "Oberhausener SV 1"]
[BlackTeam "Bahn-SC Wuppertal 1"]

1. e4 c5 2. Nf3 g6 3. d4 cxd4 4. Nxd4 Bg7 5. c4 Nc6 6. Be3 d6 7. Nc3 Nh6 8. Be2
O-O 9. O-O f5 10. Nxc6 bxc6 11. Qd2 Nf7 12. c5 fxe4 13. cxd6 exd6 14. Nxe4 d5
15. Ng5 Nd6 16. Rac1 Bd7 17. Bc5 Qf6 18. Bf3 Kh8 19. Bxd5 cxd5 20. Qxd5 h6 21.
Bxd6 Qxg5 22. Qxg5 hxg5 23. Bxf8 Rxf8 24. Rc7 Bb5 25. Rd1 Bxb2 26. Rxa7 Bc4 27.
Rad7 Bxa2 28. R7d2 Rb8 29. Rd8+ Rxd8 30. Rxd8+ Bg8 1/2-1/2

[Event "SK Königsspringer Iserlohn 1 - Godesber"]
[Site "Oberliga NRW 2016/2017"]
[Date "2017.03.26"]
[Round "8.1"]
[White "Brandt, Sebastian"]
[Black "Scheider, Julian"]
[Result "0-1"]
[WhiteElo "2174"]
[BlackElo "2296"]
[PlyCount "172"]
[EventDate "2017.??.??"]
[WhiteTeam "Godesberger SK 1"]
[BlackTeam "SK Königsspringer Iserlohn 1"]

1. d4 Nf6 2. c4 c5 3. d5 b5 4. cxb5 a6 5. e3 axb5 6. Bxb5 Qa5+ 7. Nc3 Bb7 8.
Bd2 Qb6 9. Nf3 Nxd5 10. a4 e6 11. e4 Nb4 12. Bf4 N8c6 13. Nd2 d5 14. exd5 exd5
15. Qg4 h5 16. Qg3 h4 17. Qg4 Bc8 18. Qe2+ Be6 19. Nf3 Be7 20. O-O O-O 21. Rad1
Bf6 22. Ng5 Bxg5 23. Bxg5 h3 24. Qf3 Nd4 25. Qg3 Bf5 26. Be7 Rfc8 27. Rfe1 hxg2
28. Re5 Qg6 29. Qf4 Qg4 30. Rxd4 cxd4 31. Qxf5 Qxf5 32. Rxf5 dxc3 33. bxc3 Na2
34. Rxd5 Nxc3 35. Rd4 Ra7 36. Bh4 Nxb5 37. axb5 Rb7 38. Rg4 Kh7 39. Rf4 Rc5 40.
Bg3 Rcxb5 41. Kxg2 f6 42. Ra4 Kg6 43. Rg4+ Kf7 44. Ra4 Rb4 45. Ra5 Ke6 46. Ra6+
R7b6 47. Ra5 g5 48. Bc7 Rc6 49. Ra7 Rb2 50. Bd8 Rd2 51. Re7+ Kf5 52. Ba5 Ra2
53. Bd8 Rcc2 54. Bb6 Ra6 55. Bd4 Rd6 56. Ba7 Rcd2 57. Re3 R6d3 58. Re8 Rd7 59.
Bc5 R2d5 60. Rc8 Kg4 61. Be3 Rd8 62. Rc4+ Kh5 63. Rc6 Kg6 64. Bc5 Kf7 65. Be3
Re5 66. Rc7+ Re7 67. Rc5 Re6 68. Kg3 Rh8 69. Rc4 Kg6 70. Rc7 Re4 71. Rc1 Reh4
72. Rh1 Rh3+ 73. Kg2 R8h7 74. Bc5 f5 75. Bd6 f4 76. f3 Kf5 77. Bc5 g4 78. fxg4+
Kxg4 79. Bd6 Rd3 80. h3+ Kf5 81. Bc5 Rg7+ 82. Kf2 Rd2+ 83. Ke1 Rc2 84. Bg1 Rgg2
85. Kf1 f3 86. Be3 Rb2 0-1

[Event "SK Königsspringer Iserlohn 1 - Godesber"]
[Site "Oberliga NRW 2016/2017"]
[Date "2017.03.26"]
[Round "8.2"]
[White "Schmitz, Philipp"]
[Black "Wecker, Martin"]
[Result "1-0"]
[WhiteElo "2140"]
[BlackElo "2124"]
[PlyCount "99"]
[EventDate "2017.??.??"]
[WhiteTeam "SK Königsspringer Iserlohn 1"]
[BlackTeam "Godesberger SK 1"]

1. e4 c5 2. Nf3 e6 3. d4 cxd4 4. Nxd4 Nc6 5. Nc3 Qc7 6. Nxc6 bxc6 7. Bd3 Nf6 8.
Qe2 e5 9. O-O h6 10. f4 Bd6 11. Kh1 O-O 12. f5 Be7 13. Bd2 Bb7 14. Rf3 d5 15.
Raf1 Rfd8 16. Rh3 Bf8 17. Rff3 c5 18. exd5 Bxd5 19. Nxd5 Rxd5 20. Bc4 Rd7 21.
Bc3 Rad8 22. Rf1 Re7 23. Re1 Nd5 24. Bxd5 Rxd5 25. f6 Re6 26. fxg7 Bxg7 27. Rg3
Qe7 28. Qc4 Rd8 29. h3 Kh8 30. Qe4 Qf6 31. Rf3 Qe7 32. Rf5 f6 33. Ref1 Red6 34.
R1f3 Qe6 35. Rxf6 Bxf6 36. Rxf6 Qxf6 37. Bxe5 Kg7 38. Qg4+ Kf7 39. Bxf6 Kxf6
40. Qf4+ Kg6 41. Qc4 Kh7 42. Qxc5 a6 43. c4 R8d7 44. Qf5+ Kg7 45. b4 Re7 46. c5
Rf6 47. Qd3 h5 48. a4 h4 49. b5 axb5 50. axb5 1-0

[Event "SK Königsspringer Iserlohn 1 - Godesber"]
[Site "Oberliga NRW 2016/2017"]
[Date "2017.03.26"]
[Round "8.3"]
[White "Koehler, Christian Friedrich"]
[Black "Eckardt, Joshua"]
[Result "1/2-1/2"]
[WhiteElo "2147"]
[BlackElo "2205"]
[Annotator "Daniel"]
[PlyCount "81"]
[EventDate "2017.??.??"]
[WhiteTeam "Godesberger SK 1"]
[BlackTeam "SK Königsspringer Iserlohn 1"]

1. e4 e6 2. d3 d5 3. Nd2 c5 4. Ngf3 Nc6 5. g3 g6 6. Bg2 Bg7 7. O-O Nge7 8. Re1
b6 9. exd5 exd5 10. d4 Bf5 11. c3 cxd4 12. Nxd4 Nxd4 13. cxd4 O-O 14. Nf3 Be4
15. Bf4 Nc6 16. Ne5 Nxe5 17. Bxe5 Bxg2 18. Kxg2 Qd7 $11 19. Qf3 Rfe8 20. Bxg7
Kxg7 21. Qf4 Rxe1 22. Rxe1 Re8 23. Rxe8 Qxe8 24. Qe5+ Qxe5 25. dxe5 f6 26.
exf6+ Kxf6 27. f4 Ke6 28. Kf3 Kd6 29. Ke3 Kc5 30. Kd3 d4 31. Ke4 Kc4 32. g4 d3
33. Ke3 d2 34. Kxd2 Kd4 35. f5 gxf5 36. gxf5 Ke5 37. Ke3 Kxf5 38. Kf3 h6 39. a4
a6 40. b4 h5 41. h4 1/2-1/2

[Event "SK Königsspringer Iserlohn 1 - Godesber"]
[Site "Oberliga NRW 2016/2017"]
[Date "2017.03.26"]
[Round "8.4"]
[White "Messarius, Juergen"]
[Black "Zupcevic, Samir"]
[Result "1/2-1/2"]
[WhiteElo "2137"]
[BlackElo "2104"]
[Annotator "Daniel"]
[PlyCount "65"]
[EventDate "2017.??.??"]
[WhiteTeam "SK Königsspringer Iserlohn 1"]
[BlackTeam "Godesberger SK 1"]

1. e4 e6 2. d4 d5 3. Nc3 Nf6 4. e5 Nfd7 5. f4 c5 6. Nf3 Nc6 7. Be3 Be7 8. Qd2
O-O 9. g3 Rb8 10. a3 b6 11. Rd1 a6 12. Bh3 b5 13. dxc5 Nxc5 14. Qf2 Na4 15.
Nxa4 bxa4 16. c3 Qc7 17. Bf1 Na5 18. Bd3 Nc4 19. Bc1 Qb6 20. Qxb6 Nxb6 21. Nd4
Bc5 22. Be2 Nc4 23. Bxc4 dxc4 24. h4 Bb7 25. Rh2 Bd5 26. Be3 Bxd4 $11 27. Bxd4
h5 28. Bc5 Rfc8 29. Bd6 Rb5 30. Rdd2 Rc6 31. Kf2 f5 32. Ke3 g6 33. Rhf2 1/2-1/2

[Event "SK Königsspringer Iserlohn 1 - Godesber"]
[Site "Oberliga NRW 2016/2017"]
[Date "2017.03.26"]
[Round "8.5"]
[White "Stenzel, Thomas"]
[Black "Kind, Bertram"]
[Result "1-0"]
[WhiteElo "2036"]
[BlackElo "2166"]
[PlyCount "37"]
[EventDate "2017.??.??"]
[WhiteTeam "Godesberger SK 1"]
[BlackTeam "SK Königsspringer Iserlohn 1"]

1. e4 c5 2. Nf3 Nc6 3. Bb5 d6 4. d4 cxd4 5. Qxd4 Bd7 6. Bxc6 bxc6 7. O-O e5 8.
Qd3 Nf6 9. c4 Qc7 10. Nc3 Rd8 11. Bg5 Be7 12. Rfd1 Be6 13. Rac1 O-O 14. Bxf6
Bxf6 15. Nd5 cxd5 16. cxd5 Qa5 17. dxe6 fxe6 18. Rc6 Qxa2 19. Ra6 1-0

[Event "SK Königsspringer Iserlohn 1 - Godesber"]
[Site "Oberliga NRW 2016/2017"]
[Date "2017.03.26"]
[Round "8.6"]
[White "Klauke, Stefan"]
[Black "Hemmann, Arnold"]
[Result "0-1"]
[WhiteElo "2109"]
[BlackElo "2095"]
[PlyCount "40"]
[EventDate "2017.??.??"]
[WhiteTeam "SK Königsspringer Iserlohn 1"]
[BlackTeam "Godesberger SK 1"]

1. d4 Nf6 2. Nc3 d5 3. Bg5 Nbd7 4. e3 e6 5. f4 c5 6. Nf3 Qa5 7. Qd2 cxd4 8.
exd4 Bb4 9. Bd3 Ne4 10. Bxe4 dxe4 11. Ne5 f6 12. O-O Bxc3 13. bxc3 fxg5 14.
fxg5 Nxe5 15. dxe5 Qc5+ 16. Kh1 Bd7 17. Rf7 O-O-O 18. Rxg7 Bc6 19. Qf4 e3 20.
h4 e2 0-1

[Event "SK Königsspringer Iserlohn 1 - Godesber"]
[Site "Oberliga NRW 2016/2017"]
[Date "2017.03.26"]
[Round "8.7"]
[White "Kummer, Wolfram"]
[Black "Kramps, Rene"]
[Result "1/2-1/2"]
[WhiteElo "2054"]
[BlackElo "2048"]
[Annotator "Daniel"]
[PlyCount "56"]
[EventDate "2017.??.??"]
[WhiteTeam "Godesberger SK 1"]
[BlackTeam "SK Königsspringer Iserlohn 1"]

1. e4 g6 2. d4 Bg7 3. Nc3 c6 4. Bc4 d5 5. exd5 b5 6. Bb3 b4 7. Nce2 cxd5 8. a3
bxa3 9. Rxa3 Nf6 10. Nf3 O-O 11. O-O Na6 12. Ne5 Bb7 13. Qd3 Nc7 14. Bd2 Qd6
15. Rfa1 a6 16. Ba4 Ne4 17. Bf4 g5 18. Bg3 Nxg3 19. Qxg3 f6 $11 20. Nd7 Qxg3
21. Nxg3 Rfd8 22. Nf5 Bf8 23. Nxf8 Kxf8 24. Re1 e6 25. Ng3 Ke7 26. Nf5+ Kf7 27.
Ng3 Ke7 28. Rc3 Kd6 1/2-1/2

[Event "SK Königsspringer Iserlohn 1 - Godesber"]
[Site "Oberliga NRW 2016/2017"]
[Date "2017.03.26"]
[Round "8.8"]
[White "Franz, Christian"]
[Black "Kutzner, Stephen"]
[Result "1-0"]
[WhiteElo "2044"]
[BlackElo "1995"]
[PlyCount "87"]
[EventDate "2017.??.??"]
[WhiteTeam "SK Königsspringer Iserlohn 1"]
[BlackTeam "Godesberger SK 1"]

1. Nf3 Nf6 2. d4 g6 3. c3 Bg7 4. Bf4 O-O 5. Nbd2 d5 6. h3 Nbd7 7. e3 c5 8. Bd3
b6 9. O-O Bb7 10. Re1 Re8 11. Bh2 a6 12. Ne5 Ne4 13. Bxe4 Nxe5 14. Bc2 Nc6 15.
f4 Rc8 16. Nf3 b5 17. g4 b4 18. Ba4 Qb6 19. h4 Red8 20. h5 Na5 21. Qe2 Nc4 22.
hxg6 hxg6 23. Ne5 Qa5 24. Bb3 bxc3 25. bxc3 Nxe5 26. fxe5 Qxc3 27. Rac1 Qb4 28.
Rb1 Qa5 29. e6 f6 30. Bc2 Bc6 31. Bxg6 cxd4 32. Bf4 Be8 33. Bf5 dxe3 34. Qh2
Qd2 35. Qh7+ Kf8 36. Bxe3 Qc3 37. Re2 Rc4 38. Bh6 Rxg4+ 39. Bxg4 Qd4+ 40. Be3
Qxg4+ 41. Rg2 Bg6 42. Qxg6 Qxg6 43. Rxg6 d4 44. Bxd4 1-0

[Event "SV Wattenscheid 1 - DJK Aufwärts Aachen"]
[Site "Oberliga NRW 2016/2017"]
[Date "2017.03.26"]
[Round "8.1"]
[White "Jakubiec, Artur"]
[Black "Koscielski, Janusz"]
[Result "1-0"]
[WhiteElo "2486"]
[BlackElo "2257"]
[PlyCount "87"]
[EventDate "2017.??.??"]
[WhiteTeam "DJK Aufwärts Aachen 2"]
[BlackTeam "SV Wattenscheid 1"]

1. f4 g6 2. Nf3 Bg7 3. g3 c5 4. Bg2 Nc6 5. O-O e6 6. d3 Nge7 7. c3 d5 8. e4 b6
9. Na3 Ba6 10. e5 Qd7 11. Nc2 Rd8 12. Re1 h5 13. Be3 Nf5 14. Bf2 Bf8 15. a3 Be7
16. b4 Kf8 17. Qd2 Kg7 18. h3 Bb7 19. d4 Ba6 20. Ne3 cxd4 21. cxd4 Nxe3 22.
Rxe3 Bc4 23. g4 hxg4 24. hxg4 a5 25. bxa5 Nxa5 26. Qe1 Nc6 27. Bg3 Rde8 28. Rd1
b5 29. Qf2 Ra8 30. f5 exf5 31. e6 fxe6 32. Rde1 Rae8 33. Rxe6 Bf6 34. gxf5 gxf5
35. Rd6 Rxe1+ 36. Qxe1 Qc8 37. Bh4 Rxh4 38. Nxh4 Bxd4+ 39. Kh1 Ne5 40. Qd2 Bd3
41. Qh6+ Kf7 42. Bxd5+ Ke7 43. Qf6+ Ke8 44. Re6+ 1-0

[Event "SV Wattenscheid 1 - DJK Aufwärts Aachen"]
[Site "Oberliga NRW 2016/2017"]
[Date "2017.03.26"]
[Round "8.2"]
[White "Thiel, Thomas"]
[Black "van Oosterom, Chiel"]
[Result "1-0"]
[WhiteElo "2263"]
[BlackElo "2354"]
[PlyCount "53"]
[EventDate "2017.??.??"]
[WhiteTeam "SV Wattenscheid 1"]
[BlackTeam "DJK Aufwärts Aachen 2"]

1. e4 c5 2. Nc3 Nc6 3. Nge2 e5 4. Nd5 d6 5. Nec3 a6 6. a4 g6 7. Bc4 Bg7 8. d3
h5 9. Bd2 Be6 10. O-O Nh6 11. Qc1 Nd4 12. Re1 b6 13. Nd1 Ra7 14. c3 Nc6 15. b4
cxb4 16. Be3 bxc3 17. Bxb6 Qd7 18. Bxa7 Qxa7 19. Bb5 Bxd5 20. exd5 axb5 21.
axb5 Na5 22. Qxc3 O-O 23. Rxa5 Qb6 24. Qb4 Rb8 25. Ne3 e4 26. dxe4 Bd4 27. h3
1-0

[Event "SV Wattenscheid 1 - DJK Aufwärts Aachen"]
[Site "Oberliga NRW 2016/2017"]
[Date "2017.03.26"]
[Round "8.3"]
[White "Buscher, Michael"]
[Black "Franke, Johannes"]
[Result "1/2-1/2"]
[WhiteElo "2355"]
[BlackElo "2262"]
[Annotator "Daniel"]
[PlyCount "93"]
[EventDate "2017.??.??"]
[WhiteTeam "DJK Aufwärts Aachen 2"]
[BlackTeam "SV Wattenscheid 1"]

1. Nf3 Nf6 2. g3 g6 3. b3 Bg7 4. Bb2 O-O 5. Bg2 d6 6. d4 c6 7. O-O Bf5 8. Nbd2
Qc8 9. Re1 Ne4 10. Nh4 Nxd2 11. Nxf5 Qxf5 12. Qxd2 Na6 13. c4 Rfd8 14. Rad1 e6
15. e4 Qf6 16. Qa5 Qe7 17. Ba3 Qc7 18. Qxc7 Nxc7 19. d5 c5 $11 20. e5 Bxe5 21.
Bxc5 Bc3 22. Re3 dxc5 23. Rxc3 Rd6 24. Re1 Re8 25. Rce3 b6 26. Bh3 Kf8 27. dxe6
Nxe6 28. Bxe6 Rexe6 29. Rxe6 fxe6 30. Kf1 Rd2 31. Rxe6 Rxa2 32. Rc6 Rb2 33.
Rc8+ Kg7 34. Rc7+ Kh6 35. Rxa7 Rxb3 36. h4 Rb4 37. Rb7 g5 38. hxg5+ Kxg5 39.
Kg2 h6 40. Kf3 h5 41. Ke3 Rxc4 42. Rxb6 h4 43. gxh4+ Rxh4 44. Rc6 Rc4 45. Kd3
Rd4+ 46. Ke3 Rc4 47. Kd3 1/2-1/2

[Event "SV Wattenscheid 1 - DJK Aufwärts Aachen"]
[Site "Oberliga NRW 2016/2017"]
[Date "2017.03.26"]
[Round "8.4"]
[White "Sandkamp, Ralph"]
[Black "Van Dooren, Dirk"]
[Result "1/2-1/2"]
[WhiteElo "2168"]
[BlackElo "2289"]
[PlyCount "67"]
[EventDate "2017.??.??"]
[WhiteTeam "SV Wattenscheid 1"]
[BlackTeam "DJK Aufwärts Aachen 2"]

1. g3 e5 2. c4 Nc6 3. Bg2 f5 4. Nc3 Nf6 5. a3 g6 6. e3 Bg7 7. Nge2 O-O 8. O-O
e4 9. d3 exd3 10. Qxd3 Ne5 11. Qd1 d6 12. b3 c6 13. Bb2 Be6 14. Qc2 Qb6 15.
Rfd1 Rad8 16. Rd2 Rd7 17. Rad1 Rfd8 18. Nf4 Bf7 19. Nd3 Qc7 20. e4 fxe4 21.
Nxe5 dxe5 22. Nxe4 Nxe4 23. Bxe4 Rxd2 24. Rxd2 Rxd2 25. Qxd2 Be6 26. h4 Qd7 27.
Qxd7 Bxd7 28. Kg2 Be6 29. Kf3 Kf7 30. Ke3 Bf8 31. f3 Bd6 32. Kd3 h5 33. b4 Bf5
34. c5 1/2-1/2

[Event "SV Wattenscheid 1 - DJK Aufwärts Aachen"]
[Site "Oberliga NRW 2016/2017"]
[Date "2017.03.26"]
[Round "8.5"]
[White "Skulener, Wladimir"]
[Black "Hirsch, Stefan"]
[Result "1/2-1/2"]
[WhiteElo "2345"]
[BlackElo "2158"]
[PlyCount "106"]
[EventDate "2017.??.??"]
[WhiteTeam "DJK Aufwärts Aachen 2"]
[BlackTeam "SV Wattenscheid 1"]

1. d4 Nf6 2. c4 g6 3. Nc3 Bg7 4. e4 d6 5. f3 O-O 6. Be3 Nbd7 7. Qd2 c5 8. Nge2
a6 9. Rd1 Qa5 10. Nc1 cxd4 11. Bxd4 Ne5 12. Nb3 Qc7 13. Rc1 Nfd7 14. Nd5 Qd8
15. f4 Nc6 16. Be3 b6 17. Be2 Bb7 18. Bf3 b5 19. O-O e6 20. Nb4 Nxb4 21. Qxb4
Bxb2 22. Rc2 Bf6 23. Qxd6 Be7 24. Qd2 Nb6 25. Qxd8 Bxd8 26. Na5 Nxc4 27. Nxc4
bxc4 28. Rxc4 Rc8 29. Rxc8 Bxc8 30. e5 Ba5 31. Bc5 Rd8 32. Bd6 Bd2 33. g3 Bd7
34. Bb7 Bb5 35. Rd1 Bb4 36. Kf2 Bc5+ 37. Kf3 Rd7 38. Be4 Bc4 39. Bc6 Rd8 40.
Rc1 Bxd6 41. Rxc4 Bf8 42. Ba4 h5 43. Rc7 a5 44. h3 Bb4 45. g4 hxg4+ 46. hxg4
Kf8 47. Bb3 Re8 48. f5 gxf5 49. gxf5 Re7 50. Rc8+ Re8 51. Rxe8+ Kxe8 52. fxe6
fxe6 53. Bxe6 Ke7 1/2-1/2